000
00331pab a2200145 454500
008
180718b2002 xxu||||| |||| 00| 0 eng d
100
_a
Khader, S.A.
245
_a
Productivity in the age of globalization
260
_c
2002
300
_a
p.4-8.
362
_a
Jun
650
_a
Productivity
773
_a
Yojana
909
_a
52436
999
_c
52436
_d
52436